BIBLIOTECA

SENCICO

Técnicas de dirección de personal : Cómo instruir para aumentar el rendimiento (Registro nro. 3348)

Detalles MARC
000 -LEADER
fixed length control field 00783nam a2200205Ia 4500
005 - DATE AND TIME OF LATEST TRANSACTION
control field 20251020182611.0
008 - FIXED-LENGTH DATA ELEMENTS--GENERAL INFORMATION
fixed length control field 200515s9999 xx 000 0 und d
082 ## - DEWEY DECIMAL CLASSIFICATION NUMBER
Classification number SC/658.31/F78
100 ## - MAIN ENTRY--PERSONAL NAME
Personal name FOURNIES, Ferdinand
245 #0 - TITLE STATEMENT
Title Técnicas de dirección de personal : Cómo instruir para aumentar el rendimiento
260 ## - PUBLICATION, DISTRIBUTION, ETC.
Place of publication, distribution, etc. Madrid
260 ## - PUBLICATION, DISTRIBUTION, ETC.
Date of publication, distribution, etc. 1990
300 ## - PHYSICAL DESCRIPTION
Extent 206
500 ## - GENERAL NOTE
General note 1 ejemplar
520 ## - SUMMARY, ETC.
Summary, etc. Enfoque práctico para dirigir el trabajo del personal. La entrevista personal. Las cinco etapas a seguir : reconocimiento conjunto de que existe un problema. Discusión de posibles soluciones, acuerdo sobre medidas concretas y mostrar reconocimiento a todo
650 ## - SUBJECT ADDED ENTRY--TOPICAL TERM
Topical term or geographic name entry element ADMINISTRACION
650 ## - SUBJECT ADDED ENTRY--TOPICAL TERM
Topical term or geographic name entry element DIRECCION DE PERSONAL
650 ## - SUBJECT ADDED ENTRY--TOPICAL TERM
Topical term or geographic name entry element PRODUCTIVIDAD
942 ## - ADDED ENTRY ELEMENTS (KOHA)
Koha item type Libros
Existencias
Fecha de la última vez que lo usaron Pago total Signatura topográfica completa Código de barras Precio efectivo desde Tipo de documento Estado perdido Estado dañado No es para préstamo Retirado Ubicación permanente Ubicación actual Fecha de adquisición
15/05/2020   SC/658.31/F78 Bib-Lima15053348 15/05/2020 Libros         Biblioteca Central Lima Biblioteca Central Lima 15/05/2020